Right or Left? - Statistics

General Stats
  • This quiz has been taken 67 times
  • The average score is 10 of 16
Answer Stats
Hint Explanation Answer % Correct
Rechts German Right
90%
Lewy Polish Left
84%
Dreapta Romanian Right
81%
Izquierda Spanish Left
76%
Links Dutch Left
76%
левый
Levyj
Russian Left
76%
Certo Portuguese Right
75%
Sinistra Italian Left
73%
Gauche French Left
71%
Αριστερά
Aristerá
Greek Left
54%
오른쪽
Oreunjjok
Korean Right
54%
Højre Danish Right
51%
Hidari
Japanese Left
49%
右边的
yòubiān de
Chinese Right
44%
يمين
Yamiin
Arabic Right
43%
Sağ Turkish Right
29%
No matching quizzes found
Score Distribution
Percent of People with Each Score
Percentile by Number Answered
Your Score History
You have not taken this quiz